NFL Football Teams in the Correct Division - Sudden Death - Statistics

General Stats
  • This quiz has been taken 282 times
  • The average score is 12 of 19
Answers on the Grid
Answers color-coded by a green-red scale on the quiz's grid according to % correct below.
AFC East
NFC East
Bills
Commanders
Jets
Eagles
Patriots
Giants
Ravens
Panthers
==========
==========
AFC North
NFC North
Bengals
Bears
Browns
Packers
Colts
Steelers
Lions
Vikings
==========
==========
AFC South
NFC South
Buccaneers
Cardinals
Dolphins
Saints
Jaguars
Titans
Falcons
Texans
==========
==========
AFC West
NFC West
Broncos
49ers
Chiefs
Chargers
Cowboys
Rams
Raiders
Seahawks
 
Answer Stats
Answer % Correct
Bills
88%
Patriots
88%
Jets
86%
Commanders
82%
Eagles
82%
Giants
82%
Bears
77%
Packers
77%
Bengals
75%
Vikings
75%
Browns
74%
Saints
43%
49ers
42%
Jaguars
42%
Broncos
41%
Chiefs
41%
Raiders
41%
Rams
41%
Seahawks
41%
No matching quizzes found
Score Distribution
Percent of People with Each Score
Percentile by Number Answered
Your Score History
You have not taken this quiz